Dürer-Katalog (Record no. 3709)

MARC details
000 -CABECERA
campo de control de longitud fija 00934nam a2200265 a 4500
001 - NÚMERO DE CONTROL
campo de control BRCA_3983
005 - FECHA Y HORA DE LA ÚLTIMA TRANSACCIÓN
campo de control 20190320204512.0
008 - DATOS DE LONGITUD FIJA--INFORMACIÓN GENERAL
campo de control de longitud fija 150110s1932----gw-a######---#000-0#ger-#
041 ## - CÓDIGO DE LENGUA
Código de lengua del texto/banda sonora o título independiente ger
044 ## - CÓDIGO DEL PAÍS DE LA ENTIDAD EDITORA/PRODUCTORA
Código MARC del país gw
050 #4 - SIGNATURA TOPOGRÁFICA DE LA BIBLIOTECA DEL CONGRESO
Número de clasificación NE654.D8
Número de documento/Ítem .M43 1
-- 1932
100 1# - ENTRADA PRINCIPAL--NOMBRE DE PERSONA
Nombre de persona Meder, Joseph
Fechas asociadas al nombre 1857-1934
9 (RLIN) 10354
245 10 - MENCIÓN DE TÍTULO
Título Dürer-Katalog
Resto del título ein Handbuch über Albrecht Dürers Stiche, Radierungen, Holzschnitte, deren Zustände, ausgaben und wasserzeichen
Mención de responsabilidad, etc. Joseph Meder.
260 ## - PUBLICACIÓN, DISTRIBUCIÓN, ETC.
Lugar de publicación, distribución, etc. Wien, Alemania
Nombre del editor, distribuidor, etc. Gilhofer & Ranschburg
Fecha de publicación, distribución, etc. 1932
300 ## - DESCRIPCIÓN FÍSICA
Extensión xxiii, 357 p.
Otras características físicas il.
Dimensiones 29 cm.
500 ## - NOTA GENERAL
Nota general Incluye 190 ilustraciones y 52 grabados, índice de abreviaturas e índice de ilustraciones
500 ## - NOTA GENERAL
Nota general Ejemplar igual a D129
500 ## - NOTA GENERAL
Nota general CDE62
504 ## - NOTA DE BIBLIOGRAFÍA, ETC.
Nota de bibliografía, etc. Bibliografía: p. xxi-xxiii
600 14 - PUNTO DE ACCESO ADICIONAL DE MATERIA--NOMBRE DE PERSONA
Nombre de persona Durero, Alberto
Fechas asociadas al nombre 1471-1528
9 (RLIN) 10301
650 14 - PUNTO DE ACCESO ADICIONAL DE MATERIA--TÉRMINO DE MATERIA
Término de materia o nombre geográfico como elemento de entrada Grabadores alemanes
9 (RLIN) 7216
650 14 - PUNTO DE ACCESO ADICIONAL DE MATERIA--TÉRMINO DE MATERIA
Término de materia o nombre geográfico como elemento de entrada Pintores alemanes
9 (RLIN) 797
902 ## - CATALOGADOR
Iniciales GFM
942 ## - ELEMENTOS DE PUNTO DE ACCESO ADICIONAL (KOHA)
Fuente del sistema de clasificación o colocación Library of Congress Classification
Tipo de ítem Koha Libros
Holdings
Estado de retiro Estado de pérdida Estado dañado No para préstamo Localización permanente Ubicación/localización actual Fecha de adquisición Número de inventario Total de préstamos Signatura topográfica completa Código de barras Fecha visto por última vez Precio válido a partir de Tipo de ítem Koha
El ejemplar forma parte de la colección y puede ser consultado según las políticas vigentes.       Biblioteca del Museo Franz Mayer (Rogerio Casas-Alatriste) Biblioteca del Museo Franz Mayer (Rogerio Casas-Alatriste) 15/01/2010 CDE62   NE654.D8 .M43 1 1932 (CDE62) 3980 22/03/2019 22/03/2019 Libros